Responses for show #5181 - Monday, March 5, 2007

Contestants

Eileen Loechel, an operations manager from River Forest, Illinois

David Wlody, a physician from New York, New York

Margaret Tennison, a retired paralegal from Vienna, Virginia (whose 1-day cash winnings total $21,601)

Jeopardy! Round responses

POLITICS
PUPPET-POURRI
THE WEATHER REPORT
GLOBAL
"WARM"ING
FACT OR FICTION?
    $200 1
Nancy Pelosi

Margaret
    $200 4
How The Grinch Stole Christmas!

Eileen
    $200 22
(Eileen: What is it warms up?)

it goes down (or gets colder)

MargaretEileen
    $200 7
Iran

David
    $200 13
a housewarming

Margaret
    $200 12
(Eileen: What is Razz-well?)
(Alex: Say it again?)
(Eileen: What is Razz-well?)
(Alex: I've always heard it pronounced Rozz-well, but we'll accept yours.)

Roswell

Eileen
    $400 2
the Whip

Margaret
    $400 25
(Margaret: Who is Elizabeth II?)

Victoria

MargaretDavid
    $400 23
(Alex: Absolutely right, yes. [*] Alley.)

a tornado

Margaret
    $400 8
(Margaret: What is Dutch Guiana?)
(Eileen: What is British Guiana?)
...
(Alex: Yes. Suriname and Guyana are the other two.)

French Guiana

MargaretDavidEileen
    $400 14
warm heart

David
    $400 18
Kim Jong-il

David
    $600 3
the Green Party

David
    $600 26
the Deadly Sins

Eileen
    $600 24
fog

Eileen
    $600 9
San Marino

Margaret
    $600 15
a benchwarmer

Eileen
    $600 19
the Hitler Diaries

Margaret
    $800 5
(David: What is the Republican Party?)

the Free Soil Party

MargaretDavid
    $800 27
Macy's

Eileen
    $800 29
a rainbow

Eileen
    $800 10
Luxembourg

David
    $800 16
lukewarm

Eileen
    $800 20
the Shroud of Turin

David
    $1000 6
Trent Lott

David
    $1000 28
Jerry Orbach

Eileen
    $1000 11
(David: What is Switzerland?)
(Eileen: What is, um, Norway?)
(Margaret: What is Sweden?)

Greece

MargaretDavidEileen
Triple Stumper
    $1000 17
Warm Springs

Eileen
    $1000 21
Anastasia

David

Scores at the first commercial break (after clue 15):

Margaret David Eileen
$800 $1,600 -$400

Scores at the end of the Jeopardy! Round:

Margaret David Eileen
$1,600 $4,200 $5,000

Double Jeopardy! Round responses

FRENCH HISTORY
POP GOES THE CULTURE
LITERARY CROSSWORD CLUES "S"
A DROP OF IRISH WHISKEY
STATUE-ESQUE
IN THE DICTIONARY
    $400 1
the Roman Empire

Eileen
    $400 2
Jennifer Lopez

Eileen
    $400 11
snows

Eileen
    $400 26
barley

Eileen
    $400 21
the Marine Corps

David
    $400 16
(Alex: Um... ok.)

(Bah) humbug

Eileen
    $800 7
Charles de Gaulle

Eileen
    $800 3
Superman

David
    $800 12
(David: What is [*]s?)
...
(Alex: [*] is right. David threw an extra "s" in there. It cost him.)

spoon

MargaretDavid
    $800 27
moonshine

Margaret
    $800 23
(Alex: Yes, statue of Rocky.)

Philadelphia

David
    $800 17
lip

Eileen
    $1200 8
livres

David
    $1200 4
(Russell) Crowe

Eileen
    $1200 13
(Alex: Yes. Aih!--You were catching yourself there. You were thinking, 'Wah, well, I wont say [*]s!')

Sophie

David
    $1,000 28
distillation

Margaret
    $1200 24
David

Margaret
    $1200 18
bath

Eileen
    $1600 9
St. Lawrence

Eileen
    $1600 5
Richard Pryor

David
    $1600 14
Shandy

Eileen
    $1600 22
Alfred (the Great)

Eileen
    $1600 19
(Eileen: What is a rhyme?)
[Originally ruled incorrect, reversed before the second Daily Double, because the quote used ended with a hard consonant]

a couplet (rhyme later judged acceptable)

Eileen
    $1,400 10
(Eileen: What is Vichy?)

Verdun

Eileen
    $2000 6
Jodie Foster

Eileen
    $2000 15
Southern

David
    $2000 25
Savannah

Eileen
    $2000 20
(David: ...)
(Alex: Oh, drewing--drawing a blank at the wrong time.)

nihilist

David
Triple Stumper

Scores at the end of the Double Jeopardy! Round:

Margaret David Eileen
$5,400 $9,400 $20,000
(lock game)

[wagering suggestions for these scores]

Final Jeopardy! Round responses

STATE CAPITALS
MargaretWhat is St. Paul?
$2,602
DavidWhat is [Oklahoma crossed out] Oklahoma City?
$1,401
EileenWhat is Des Moines?
$200
Austin, Texas

Final scores:

Margaret David Eileen
$2,798 $7,999 $19,800
3rd place: $1,000 2nd place: $2,000 New champion: $19,800

Game dynamics:

Coryat scores:

Margaret David Eileen
$5,600 $9,400 $21,400
12 R
(including 2 DDs),
3 W
17 R,
4 W
25 R,
4 W
(including 1 DD)

Combined Coryat: $36,400

The J! Archive is created by fans, for fans. The Jeopardy! game show and all elements thereof, including but not limited to copyright and trademark thereto, are the property of Jeopardy Productions, Inc. and are protected under law. This website is not affiliated with, sponsored by, or operated by Jeopardy Productions, Inc. Join the discussion at JBoard.tv.